00845nam a22002417a 450000500170000001000130001702000220003003500130005203700160006504000120008108200150009310000250010824500800013326000430021327000450025630000250030150000500032665000390037665000230041594200240043899900190046295201220048120170124105943.0 aA-469145 c00.00a8170993237 aA-469145 bCen Lib/Ret aDPLbEN a332.1bSHA aSharma, P. K.911657 aDevelopment banks and entrepreurship promotion in india /cby P. K. Sharma  aNew Delhi bMittal Publications c1999 bNew Delhi e110059aA-110, Mohan Garden  axvi, 201p.c21cm(Hb) aIncludes bibliographical references and index aDevelopment of BankszIndia911658 aPromotions 911659 2ddccENh332.1mSHA c124700d124700 00104070aLbLd2015-06-18eCen Lib/Retg0.00l0o332.1 SHApA-469145r2015-06-18 00:00:00t1v0.00w2015-06-18yEN